South-North Dialogue in Korea

Gespeichert in:
Bibliographische Detailangaben
Format: Schriftenreihe
Sprache:Englisch
Veröffentlicht: Seoul Office of the South-North Dialogue 1994
Tags: Tag hinzufügen
Keine Tags, Fügen Sie das erste Tag hinzu!

MARC

LEADER 00000nas2a2200000 4500
001 s018117
005 20260120074955.0
041 0 |a eng 
044 |a KR 
245 1 0 |a South-North Dialogue in Korea 
264 1 |a Seoul  |b Office of the South-North Dialogue  |c 1994 
300 |a 1 zv.